La peña del muerto (Record no. 183450)

MARC details
000 -LEADER
campo de control de longitud fija 00734nam a2200205 i 4500
001 - NÚMERO DE CONTROL
campo de control 183450
003 - IDENTIFICADOR DE NÚMERO DE CONTROL
campo de control ES-MaACL
005 - FECHA Y HORA DE LA ÚLTIMA TRANSACCIÓN
campo de control 20230906221910.0
008 - DATOS DE LONGITUD FIJA--INFORMACIÓN GENERAL
campo de control de longitud fija 140624q19001925sp |||| | spa d
080 ## - NÚMERO DE LA CLASIFICACIÓN DECIMAL UNIVERSAL
Número de la Clasificación Decimal Universal 821.111-32"19"
100 0# - ENTRADA PRINCIPAL--NOMBRE DE PERSONA
Nombre de persona Quiller-Couch, Arthur Thomas
Títulos y otros términos asociados al nombre Sir (
Fechas asociadas al nombre 1863-1944)
9 (RLIN) 94635
245 13 - MENCIÓN DEL TÍTULO
Título La peña del muerto
Resto del título : novela escrita en inglés /
Mención de responsabilidad, etc. por Q [ Arthur Thomas Quiller-Couch] arreglada al español.
260 ## - PUBLICACIÓN, DISTRIBUCIÓN, ETC.
Lugar de publicación, distribución, etc. Madrid :
Nombre del editor, distribuidor, etc. [s.n.,
Fecha de publicación, distribución, etc. 19-?]
300 ## - DESCRIPCIÓN FÍSICA
Extensión 91 p. :
Otras características físicas il. ;
Dimensiones 26 cm.
490 1# - MENCIÓN DE SERIE
Mención de serie Biblioteca alrededor del mundo
500 ## - NOTA GENERAL
Nota general Texto a dos columnas.
830 0# - PUNTO DE ACCESO ADICIONAL DE SERIE-TÍTULO UNIFORME
Título uniforme Biblioteca alrededor del mundo
9 (RLIN) 191991
852 ## - LOCALIZACIÓN
Ubicación ES-MaACL
Número de control de estantería G-6059(1)
Nota libre .- Encuadernada con otras obras
Holdings
Estatus retirado Estado de pérdida Estado de daño No para préstamo Colección Biblioteca de origen Biblioteca actual Ubicación en estantería Fecha de adquisición Fuente de adquisición Total de préstamos Signatura topográfica completa Código de barras Visto por última vez Precio de reemplazo Tipo de ítem Koha
        Libros del s. XIX Biblioteca del Ateneo de Madrid Biblioteca del Ateneo de Madrid Depósito 2 24/06/2014     G-6059(1) 1192824 23/02/2023 23/02/2023 Libro impreso antiguo